[Event "Rohde op 06th"]
[Site "Sautron"]
[Date "2006.11.03"]
[Round "8"]
[White "Lavigne Quilichini, Philippe"]
[Black "Gailliegue, Olivier"]
[Result "1-0"]
[WhiteElo "1400"]
[BlackElo "1530"]
[PlyCount "49"]
[EventDate "2006.10.28"]
[EventType "swiss"]
[EventRounds "9"]
[EventCountry "FRA"]
[SourceTitle "EXT 2007"]
[Source "ChessBase"]
[SourceDate "2006.11.23"]
[SourceVersion "1"]
[SourceVersionDate "2006.11.23"]
[SourceQuality "1"]

1. d4 d5 2. c4 e6 3. Nc3 Nf6 4. e3 Nbd7 5. a3 a5 6. cxd5 exd5 7. Bb5 c6 8. Ba4 b5 9. Bc2 Be7 10. Nf3 0-0 11. 0-0 Ba6 12. Ne5 Qc7 13. f4 b4 14. Ne2 Nxe5 15. fxe5 Nd7 16. Rf3 c5 17. Nf4 Qc6 18. Bxh7+ Kxh7 19. Qc2+ g6 20. Rh3+ Kg7 21. Rg3 Rh8 22. Qf5 Rhg8 23. e6 Raf8 24. Rxg6+ fxg6 25. Qxg6+ 1-0

[Event "Champigny sur Marne op 6th"]
[Site "Champigny sur Marne"]
[Date "2006.02.19"]
[Round "5"]
[White "Fima, Jean"]
[Black "Gailliegue, Olivier"]
[Result "1-0"]
[WhiteElo "1530"]
[BlackElo "1470"]
[PlyCount "49"]
[EventDate "2006.02.16"]
[EventType "swiss"]
[EventRounds "6"]
[EventCountry "FRA"]
[SourceTitle "EXT 2007"]
[Source "ChessBase"]
[SourceDate "2006.11.23"]
[SourceVersion "1"]
[SourceVersionDate "2006.11.23"]
[SourceQuality "1"]

1. e4 e6 2. d4 d5 3. Nc3 Nf6 4. e5 Nfd7 5. Nf3 c5 6. Be3 Nc6 7. Be2 cxd4 8. Bxd4 Nxd4 9. Qxd4 Bc5 10. Qf4 Qb6 11. Ng5 0-0 12. 0-0 f6 13. Na4 Qc6 14. Nxc5 fxg5 15. Qxg5 Qxc5 16. Bd3 b6 17. Qh5 g6 18. Qg5 Bb7 19. h4 Rf5 20. Bxf5 exf5 21. e6 Nf8 22. e7 Ne6 23. Qf6 Qd6 24. Rfe1 Ng7 25. Qxd6 1-0

[Event "Champigny sur Marne op 6th"]
[Site "Champigny sur Marne"]
[Date "2006.02.18"]
[Round "3"]
[White "Ton, Stephane1111"]
[Black "Gailliegue, Olivier"]
[Result "1/2-1/2"]
[WhiteElo "1640"]
[BlackElo "1470"]
[PlyCount "86"]
[EventDate "2006.02.16"]
[EventType "swiss"]
[EventRounds "6"]
[EventCountry "FRA"]
[SourceTitle "EXT 2007"]
[Source "ChessBase"]
[SourceDate "2006.11.23"]
[SourceVersion "1"]
[SourceVersionDate "2006.11.23"]
[SourceQuality "1"]

1. e4 e6 2. d4 d5 3. exd5 exd5 4. Nf3 Nf6 5. Be2 c5 6. b3 Nc6 7. Bb2 Qa5+ 8. Bc3 Qb6 9. Bd3 Bd7 10. dxc5 Bxc5 11. 0-0 d4 12. Re1+ Be6 13. Bb2 0-0 14. Nbd2 Rfe8 15. a3 Bg4 16. Nc4 Qc7 17. Ncd2 Rxe1+ 18. Qxe1 Re8 19. Qf1 Bxf3 20. Nxf3 g6 21. Re1 Rxe1 22. Qxe1 Kf8 23. Bc4 Qe7 24. Qxe7+ Kxe7 25. b4 Bb6 26. b5 Na5 27. Bd3 h5 28. Nxd4 Ng4 29. h3 Ne5 30. Nf5+ Ke6 31. Bxe5 Kxe5 32. Ne3 Bd4 33. Kf1 b6 34. Nc4+ Nxc4 35. Bxc4 f5 36. Ke2 g5 37. h4 gxh4 38. Bf7 f4 39. Bxh5 Kf5 40. f3 Bc5 41. a4 Ke5 42. Kd3 Kd5 43. Bf7+ Ke5 1/2-1/2